00546 a2200169 4500020001500000040001300015082001100028100002300039245007000062250001200132260005500144300004600199500005300245650002500298700002300323700003000346 a0805360476 aDLCbDLC00a005.741 aMcFadden, Fred R.,10aModern database management cFred R. McFadden, Jeffrey A. Hoffer. a4th ed. aRedwood City, Calif. :bBenjamin/Cummings,cc1994. axxv, 597 p. :bill. (some col.) ;c29 cm. aRev. ed. of: Database management. 3rd ed. c1991. 0aDatabase management.1 aHoffer, Jeffrey A.1 aMcFadden, Fred R.,d1933-